Yuri Vasnetsov (Record no. 130231)
[ view plain ]
| 000 -LEADER | |
|---|---|
| fixed length control field | 00633nam a22001697a 4500 |
| 008 - FIXED-LENGTH DATA ELEMENTS--GENERAL INFORMATION | |
| fixed length control field | 200130b ||||| |||| 00| 0 eng d |
| 050 ## - LIBRARY OF CONGRESS CALL NUMBER | |
| Classification number | L. N6999.V357 |
| Item number | A4 1984 |
| 100 ## - MAIN ENTRY--PERSONAL NAME | |
| Personal name | Vasnetsov, Yuri |
| 9 (RLIN) | 49193 |
| 245 ## - TITLE STATEMENT | |
| Title | Yuri Vasnetsov |
| Remainder of title | paintings, drawings, watercolours, book illustrations, lithographs, theatrical designs, porselain |
| Statement of responsibility, etc | Yuri Vasnetsov |
| 260 ## - PUBLICATION, DISTRIBUTION, ETC. (IMPRINT) | |
| Place of publication, distribution, etc | Leningrad |
| Name of publisher, distributor, etc | Aurora Art Publishers |
| Date of publication, distribution, etc | 1984 |
| 300 ## - PHYSICAL DESCRIPTION | |
| Extent | 194p. ; |
| Dimensions | 30cm. |
| 600 ## - SUBJECT ADDED ENTRY--PERSONAL NAME | |
| Personal name | Vasnetsov, Yuri |
| 9 (RLIN) | 49193 |
| 700 ## - ADDED ENTRY--PERSONAL NAME | |
| Personal name | Vassanetsovi, Galiha (ed.) |
| 9 (RLIN) | 49194 |
| 700 ## - ADDED ENTRY--PERSONAL NAME | |
| Personal name | Vasnetsov, Yelizaveta (ed.) |
| 9 (RLIN) | 49195 |
| 700 ## - ADDED ENTRY--PERSONAL NAME | |
| Personal name | Miller, Alex (tr.) |
| 9 (RLIN) | 49196 |
| 942 ## - ADDED ENTRY ELEMENTS (KOHA) | |
| Source of classification or shelving scheme | Library of Congress Classification |
| Item type | Monograph ( Printed materials) |
| Withdrawn status | Lost status | Source of classification or shelving scheme | Damaged status | Not for loan | Collection code | Home library | Current library | Shelving location | Date acquired | Total Checkouts | Full call number | Barcode | Date last seen | Price effective from | Koha item type |
|---|---|---|---|---|---|---|---|---|---|---|---|---|---|---|---|
| Library of Congress Classification | Main Collection | ARRUPE LIBRARY | ARRUPE LIBRARY | Main Collection | 30/01/2020 | L. N6999.V357 A4 1984 | 46600006636 | 30/01/2020 | 30/01/2020 | Monograph ( Printed materials) |